|
|
|
|
| LEADER |
00000cam a2200000 7i4500 |
| 001 |
0000018577 |
| 005 |
20080609.0 |
| 008 |
080606 |
| 020 |
|
|
|a 9838474452
|
| 090 |
0 |
0 |
|a 398.99923
|b NAN
|
| 100 |
1 |
|
|a Nandy, Milon
|
| 245 |
1 |
0 |
|a A dictionary of common idioms = kamus pengkayaan idiom :
|b dwibahasa Inggeris - Melayu
|c Milon Nandy, diterjemah oleh Jamaluddin Othman
|
| 260 |
|
|
|a Kuala Lumpur :
|b Buku MUST ,
|c 2004
|
| 650 |
|
0 |
|a malay language
|x idroms
|
| 650 |
|
0 |
|a malay language
|x terms and phrases
|
| 650 |
|
0 |
|a Proverb, malay
|
| 650 |
|
0 |
|a Proverb, malay
|x dictionaries
|
| 700 |
1 |
|
|a Jamaluddin Othman
|
| 999 |
|
|
|a 0001012760
|b Book
|c REFERENCE
|e Perbadanan Perpustakaan Awam Johor
|
| 999 |
|
|
|a 0001012762
|b Book
|c REFERENCE
|e Perbadanan Perpustakaan Awam Johor
|